• 首页
  • 本馆介绍
  • 公告通知
  • 最新文献
  • 馆藏检索
  • 电子资源
  • 读者导购
  • 参考咨询
  • 我的图书馆
  • 登录
  • 详细信息显示
  • 放入我的书架
  • 预约/预借图书
  • 作者相关作品
  • 分类相关作品
  • 丛书相关作品
  • 出版社相关作品

书目信息

  • 表格格式
  • 工作单格式
  • 卡片格式
题名:
多维视阈
    
 
作者: 王彦丽 著
分册:  
出版信息: 北京   中国社会科学出版社  2012.8
页数: 160页
开本: 24cm
丛书名:
单 册:
中图分类: A811.63
科图分类:
主题词: 马克思主义--自然哲学--研究
电子资源:
ISBN: 978-7-5161-1259-5
000 01067nam0 2200265 45
001 1360518452
005 20130530171315.57
010    @a978-7-5161-1259-5@dCNY30.00
100    @a20130513d2012 em y0chiy0121 ea
101 0  @achi
102    @aCN@b110000
105    @ay a 000yy
106    @ar
200 1  @a多维视阈@ADuo Wei Shi Yu@e马克思的自然概念与伦理价值@EMa Ke Si De Zi Ran Gai Nian Yu Lun Li Jia Zhi@f王彦丽著@FWang Yan Li Zhu
210    @a北京@c中国社会科学出版社@d2012.8
215    @a160页@d24cm
300    @a本书得到西北工业大学“985工程”重点项目--人文社科与管理振兴基金资助
320    @a有书目 (第152-158页)
330    @a本书内容包括: 前马克思时代的自然观念: 黑格尔视阈中的自然、人与社会; 马克思伦理思想的自然基础: 多维自然概念的呈现; 马克思自然概念的世俗化进程及其伦理诉求等。
517 1  @a马克思的自然概念与伦理价值@AMa Ke Si De Zi Ran Gai Nian Yu Lun Li Jia Zhi
606 0  @a马克思主义@x自然哲学@x研究
690    @aA811.63@v5
701  0 @a王彦丽@AWang Yan Li@4著
801    @aCN@bTANGWEI@c20130522
905    @b0834593-96@dA811.63@e236@f4
    
    多维视阈:马克思的自然概念与伦理价值/王彦丽著.-北京:中国社会科学出版社,2012.8
    160页;24cm
    本书得到西北工业大学“985工程”重点项目--人文社科与管理振兴基金资助
    
    ISBN 978-7-5161-1259-5:CNY30.00
    本书内容包括: 前马克思时代的自然观念: 黑格尔视阈中的自然、人与社会; 马克思伦理思想的自然基础: 多维自然概念的呈现; 马克思自然概念的世俗化进程及其伦理诉求等。
●
相关链接 在E读中查询图书 在五车中查询图书 在当当中查询图书 在豆瓣中查询图书


正题名:多维视阈     索取号:A811.63/236         预约/预借

序号 登录号 条形码 馆藏地/架位号 状态 备注
1 0834593   208345931   第一样本阅览室/ [索取号:A811.63/236] 在馆    
2 0834594   208345940   第一借阅区/ [索取号:A811.63/236] 在馆    
3 0834595   208345959   第一借阅区/ [索取号:A811.63/236] 在馆    
4 0834596   208345968   第一借阅区/ [索取号:A811.63/236] 在馆    
唐山师范学院图书馆 欢迎您!
大连网信软件有限公司© 版权所有